| 000 | 00404nam a22001577a 4500 | ||
|---|---|---|---|
| 020 | _a9788181472052 | ||
| 040 | _cNUST | ||
| 082 | _a004.22 HEN | ||
| 100 | _aHennessy, John L | ||
| 110 |
_aPatterson, David A _9113986 |
||
| 245 |
_aComputer Architecture: _bA Quantitative Approach |
||
| 250 | _a3th Edition | ||
| 260 |
_aUSA: _bElsevier, _c2006. |
||
| 650 | _aComputer Architecture | ||
| 942 |
_2ddc _cBK |
||
| 999 |
_c595400 _d595400 |
||